Czy to miejsce w Polsce? Nagła śmierć! - Statystyki

Ogólne statystyki
  • Ten quiz został rozwiązany 163 razy
  • Średni wynik to 6 z 14
Answers on the Grid
Answers color-coded by a green-red scale on the quiz's grid according to % correct below.
Murzasichle
Bogatynia
Poprad
Gołdap
Brześć
Małaszewicze
Istebna
Karwina
Rajcza
Kowno
Puńsk
Korsze
Chociebuż
Lubsko
Gubin
Tarnopol
Cisna
Dorohusk
Orneta
Bałtyjsk
Sejny
 
Statystyki odpowiedzi
Odpowiedź % Poprawnych
Bogatynia
83%
Gołdap
68%
Gubin
57%
Murzasichle
57%
Istebna
49%
Sejny
49%
Cisna
47%
Rajcza
40%
Lubsko
38%
Puńsk
34%
Małaszewicze
32%
Korsze
23%
Orneta
23%
Dorohusk
17%
Nie znaleziono quizów pasujących do podanych kryteriów
Rozkład punktacji
Procent ludzi z każdym wynikiem
Percentyl według liczby udzielonych odpowiedzi
Twoja historia wyników
Nie rozwiązałeś tego quizu